| 000 | 00533nam a2200181 a 4500 | ||
|---|---|---|---|
| 001 | 000030920 | ||
| 005 | 20200930062605.0 | ||
| 008 | 110607s1936 dr a 000 0 spa d | ||
| 040 |
_aDO-SdBNP _bspa _cBNPHU |
||
| 082 |
_axxx _bS684h |
||
| 100 | 1 |
_aSolá, Miguel _957439 |
|
| 245 | 1 | 0 |
_aHistoria del arte precolombiano / _cMiguel Solá. |
| 260 |
_aBarcelona : _bLabor, _c1936. |
||
| 300 |
_axxxii, 244 p. : _bil. ; _c19 cm. |
||
| 490 | 1 |
_aLabor _aArte plásticas _vv. 4 |
|
| 830 | 0 |
_aLabor _gArte plásticas _vv. 4 _957440 |
|
| 049 | _aBNPD | ||
| 999 |
_c30412 _d30412 |
||